| 000 | 00570nam a2200181Ia 4500 | ||
|---|---|---|---|
| 008 | 140626s9999 xx 000 0 und d | ||
| 100 | _aLandwehr, Jan.. | ||
| 245 |
_aIt's got the look : _b the effect of friendly and aggressive "facial" expressions on product liking and sales / _cJan Landwehr ... [et al.]. |
||
| 260 | _cc2011. | ||
| 300 | _a75 : 3, page 132 | ||
| 440 | _aJournal of Marketing | ||
| 521 | _aBSBA | ||
| 650 | _aAnthropomorphism. | ||
| 650 | _aCar sales. | ||
| 650 | _aEmotional facial expression. | ||
| 650 | _aProduct design. | ||
| 942 | _cSE | ||
| 999 |
_c121110 _d121110 |
||